| 000 | 00588 a2200157 4500 | ||
|---|---|---|---|
| 020 | _a0850522609 | ||
| 040 |
_aDLC _bDLC |
||
| 082 | _a954.91 | ||
| 100 | _aChurchill, Winston. | ||
| 245 |
_aThe story of the Malakand Field Force: an episode of frontier war _cWinston Churchill |
||
| 260 |
_aLondon: _bOctopus Publishing Group _c1989. |
||
| 300 |
_axv, 233 p. : _b maps ; _c24 cm. |
||
| 500 | _aIncludes Index | ||
| 650 | _a1.Churchill, Winston, Sir, 1874-1965. 2.Prime ministers --Great Britain --Biography.3.North-west Frontier Province (Pakistan) --History. | ||
| 942 |
_cBK _k954.91 CHU _2ddc |
||
| 999 |
_c5193 _d5193 |
||